000
002740000a22001330004500
003
MACL
040
_a
MACL
090
_c
38770
_d
38768
100
_a
Loti, Pierre
245
_a
On Life's By Ways
260
_b
G. Bell & Sons
_c
1914
650
_a
Novel
942
_c
BOOK
_k
823/LOT
999
_c
38353
_d
38353